ویددیا کا منظوم ساگر : (Record no. 106399)
[ view plain ]
| 000 -LEADER | |
|---|---|
| fixed length control field | 01124nam a22002657a 4500 |
| 005 - DATE AND TIME OF LATEST TRANSACTION | |
| control field | 20170123162307.0 |
| 010 ## - LIBRARY OF CONGRESS CONTROL NUMBER | |
| LC control number | B-284069 |
| 020 ## - INTERNATIONAL STANDARD BOOK NUMBER | |
| Terms of availability | 200.00 |
| International Standard Book Number | 9788180421174 |
| 035 ## - SYSTEM CONTROL NUMBER | |
| System control number | B-284069 |
| 037 ## - SOURCE OF ACQUISITION | |
| Source of stock number/acquisition | Cen Lib/Ret |
| 040 ## - CATALOGING SOURCE | |
| Original cataloging agency | DPL |
| Language of cataloging | UR |
| 082 ## - DEWEY DECIMAL CLASSIFICATION NUMBER | |
| Classification number | 841 |
| Item number | آ ن ن |
| 100 ## - MAIN ENTRY--PERSONAL NAME | |
| Personal name | اناند، وددیا ساگر |
| 9 (RLIN) | 111303 |
| 245 ## - TITLE STATEMENT | |
| Title | ویددیا کا منظوم ساگر : |
| Statement of responsibility, etc | ویددیا ساگر آنند ; مرتبہ عبدل مننان طرزی |
| Remainder of title | ڈاکٹر ویددیا ساگر آنند کے فکر و فن پر منظم اظہار خیال / |
| 246 ## - VARYING FORM OF TITLE | |
| Title proper/short title | Viddya ka manum sagar : doctor Viddya sagar Annad ke fikr-o-fun par manjum izhar-e- khyal / |
| Remainder of title | by Viddya Sagar Annad ; compiled by Abdul Mannan Tarzi |
| 260 ## - PUBLICATION, DISTRIBUTION, ETC. (IMPRINT) | |
| Place of publication, distribution, etc | کینیا |
| Name of publisher, distributor, etc | کوکن اردو رائٹرس گلڈ |
| Date of publication, distribution, etc | 2008 |
| 270 ## - ADDRESS | |
| City | کینیا |
| 300 ## - PHYSICAL DESCRIPTION | |
| Extent | 200p. |
| Dimensions | 21cm(Hb) |
| 650 ## - SUBJECT ADDED ENTRY--TOPICAL TERM | |
| Topical term or geographic name as entry element | ادب - اردو |
| 9 (RLIN) | 111304 |
| 650 ## - SUBJECT ADDED ENTRY--TOPICAL TERM | |
| Topical term or geographic name as entry element | اردو نظمیں |
| 9 (RLIN) | 462 |
| 650 ## - SUBJECT ADDED ENTRY--TOPICAL TERM | |
| Topical term or geographic name as entry element | Litrerature -- Urdu |
| 9 (RLIN) | 111305 |
| 650 ## - SUBJECT ADDED ENTRY--TOPICAL TERM | |
| Topical term or geographic name as entry element | Urdu poems |
| 9 (RLIN) | 111306 |
| 700 ## - ADDED ENTRY--PERSONAL NAME | |
| Personal name | عبدل مننان طرزی |
| 9 (RLIN) | 111307 |
| 942 ## - ADDED ENTRY ELEMENTS (KOHA) | |
| Source of classification or shelving scheme | Dewey Decimal Classification |
| Koha item type | Urdu Bks |
| Classification part | 841 |
| Call number suffix | آ ن ن |
| Withdrawn status | Lost status | Damaged status | Not for loan | Home library | Current library | Date acquired | Source of acquisition | Cost, normal purchase price | Total Checkouts | Full call number | Barcode | Date last seen | Date checked out | Copy number | Cost, replacement price | Price effective from | Koha item type |
|---|---|---|---|---|---|---|---|---|---|---|---|---|---|---|---|---|---|
| Central Library | Central Library | 19/12/2015 | Cen Lib/Ret | 200.00 | 1 | 841 آ ن ن | B-284069 | 03/06/2019 | 21/05/2019 | 1 | 200.00 | 19/12/2015 | Urdu Bks |
